000 00621nam a2200217 i 4500
001 8927
003 ES-MaACL
005 20230906145550.0
007 t|
008 921113s1992 sp ||||1| spa d
020 _a84-604-1910-X
080 _a86-311.6"19"
080 _a86(Alonso-Cortés,C-D.7 V.01)
100 1 _aAlonso-Cortés, Carolina-Dafne.
_920275
245 1 0 _aVillamediana /
_cCarolina-Dafne Alonso-Cortés.
250 _a[2ª ed.].
260 _aValladolid :
_bAyuntamiento,
_c1992.
300 _a157 p. ;
_c21 cm.
710 1 _aValladolid.
_bAyuntamiento.
_97541
852 _aES-MaACL
_jL-11484
_bR.121060
999 _c8927
_d8927